| 000 | 01076cam a2200337 a 4500 | ||
|---|---|---|---|
| 001 | 4697535 | ||
| 003 | OSt | ||
| 005 | 20151013193116.0 | ||
| 008 | 820929s2014 paua b 001 0 eng | ||
| 010 | _a 82020352 | ||
| 020 | _a9781451189070 | ||
| 040 |
_aDLC _cDLC _dDLC _dWaU |
||
| 050 | 0 | 0 |
_aRM735 _b.W54 1983 |
| 060 | _aWB 555 W692 | ||
| 082 | 0 | 0 |
_a615.8515 _222 _bWIO |
| 130 | 0 |
_aOccupational therapy. _952304 |
|
| 245 | 1 | 0 |
_aWillard and Spackman's Occupational therapy / _cedited by Helen L. Hopkins, Helen D. Smith. |
| 250 | _a12th ed. | ||
| 260 |
_aPhiladelphia : _bLippincott, _c2014. |
||
| 300 |
_axvii, 947 p. : _bill. ; _c28 cm. |
||
| 504 | _aIncludes bibliographical references and index. | ||
| 650 | 0 |
_aOccupational therapy. _952304 |
|
| 650 | 2 |
_aOccupational therapy. _952304 |
|
| 650 | 2 |
_aRehabilitation. _952305 |
|
| 700 | 1 |
_aWillard, Helen S. _952306 |
|
| 700 | 1 |
_aSpackman, Clare S. _952307 |
|
| 700 | 1 |
_aHopkins, Helen L. _952308 |
|
| 700 | 1 |
_aSmith, Helen D. _952309 |
|
| 906 |
_a7 _bcbc _corignew _d1 _eocip _f19 _gy-gencatlg |
||
| 942 |
_2ddc _cBOOK |
||
| 999 |
_c38443 _d272943 |
||